| 000 | 00801nam a2200205Ia 4500 | ||
|---|---|---|---|
| 003 | GCL | ||
| 005 | 20240530105140.0 | ||
| 008 | 140319s9999 xx 000 0 ara d | ||
| 040 |
_aGCL / _cGCL |
||
| 082 | 0 | 4 |
_a614.7 _bهـ ش |
| 100 | 1 | _aهارول ، مارك. أ. | |
| 245 | 1 | 0 |
_aالشتاء النووى : أثار الحرب النووية على الانسانية والبيئة / _cمارك. أ. هارول ؛ ترجمة سمر منصور |
| 260 |
_a[S.N] : _bدار طلاس للدراسات والترجمة ، _c1988 |
||
| 300 | _a297 ص | ||
| 650 | 0 | 4 | _aميشة |
| 650 | 0 | 4 | _aالاسلحة النووية - الاضرار الناتجة عن |
| 650 | 0 | 4 | _aالانظمة الدينة للاعشاب للاحراج |
| 700 | 1 | _aسمر منصور (مترجم) | |
| 942 |
_2ddc _cBK |
||
| 999 |
_c53553 _d53553 |
||